000 00456nam a2200181Ia 4500
001 17359
005 20260306171511.0
008 260306s9999||||xx |||||||||||||| ||und||
041 _aESP
082 _a657.76
_bR76
100 _aRodríguez Torres, Jeanina Lisset
_eAUT
245 0 _aVariaciones del patrimonio neto de la empresa
260 _c2017
300 _a63 páginas :
_c23 cm.
650 _aGEN
654 _aCCO
942 _cLIB
_dJUS
_fJUS
_2ddc
_n
999 _c17359
_d17359